Southville International School and Colleges
Your cart is empty.
  • Cart
  • Lists
    Public lists Eva Luna New books Lux_list list_1
    Your lists Log in to create your own lists
  • Log in to your account
  • Your cookies
  • Search history
Southville International School and Colleges
  • Advanced search
  • Recent comments
  • Most popular
  • Libraries

Log in to your account

Log in with GOOGLE


If you do not have an external account, but do have a local account, you can still log in:

  1. Home
  2. MARC view: Winning through intimidation /
Normal view MARC view ISBD view

Winning through intimidation / (Record no. 284320)

[ view plain ]
MARC details
000 -LEADER
fixed length control field 00727cam a2200241 4500
001 - CONTROL NUMBER
control field 318350
003 - CONTROL NUMBER IDENTIFIER
control field PILC
005 - DATE AND TIME OF LATEST TRANSACTION
control field 20150522155345.0
008 - FIXED-LENGTH DATA ELEMENTS--GENERAL INFORMATION
fixed length control field 740919s1974 caua 000 0 eng
010 ## - LIBRARY OF CONGRESS CONTROL NUMBER
LC control number 74080508
040 ## - CATALOGING SOURCE
Original cataloging agency DLC
Transcribing agency DLC
Modifying agency DLC
050 00 - LIBRARY OF CONGRESS CALL NUMBER
Classification number BF 637.S8
Item number .R581 1974
082 00 - DEWEY DECIMAL CLASSIFICATION NUMBER
Classification number 333.3/3
100 1# - MAIN ENTRY--PERSONAL NAME
Personal name Ringer, Robert J.,
Dates associated with a name 1938-
245 10 - TITLE STATEMENT
Title Winning through intimidation /
Statement of responsibility, etc Robert J. Ringer ; illustrations by Jack Medoff.
260 ## - PUBLICATION, DISTRIBUTION, ETC. (IMPRINT)
Place of publication, distribution, etc Connecticut :
Name of publisher, distributor, etc A Fawcett Crest Book,
Date of publication, distribution, etc 1974.
300 ## - PHYSICAL DESCRIPTION
Extent 303 pages :
Other physical details illustrations ;
Dimensions 19 cm.
650 #0 - SUBJECT ADDED ENTRY--TOPICAL TERM
Topical term or geographic name as entry element Success.
650 #0 - SUBJECT ADDED ENTRY--TOPICAL TERM
Topical term or geographic name as entry element Intimidation.
650 #0 - SUBJECT ADDED ENTRY--TOPICAL TERM
Topical term or geographic name as entry element Real estate business.
906 ## - LOCAL DATA ELEMENT F, LDF (RLIN)
a 7
b cbc
c orignew
d 2
e opcn
f 19
g y-gencatlg
942 ## - ADDED ENTRY ELEMENTS (KOHA)
Source of classification or shelving scheme Library of Congress Classification
Koha item type Books
Call number prefix Foreign
Holdings
Withdrawn status Lost status Source of classification or shelving scheme Damaged status Home library Current library Shelving location Date acquired Source of acquisition Total Checkouts Full call number Barcode Date last seen Price effective from Koha item type
    Library of Congress Classification   Archives Archives   05/22/2015 Donation   BF 637.S8 .R581 1974 C19350 05/15/2018 05/22/2015 Books

Winning through intimidation /

APA

Ringer R. J., . (1974). Winning through intimidation. Connecticut: A Fawcett Crest Book.

Chicago

Ringer Robert J, . 1974. Winning through intimidation. Connecticut: A Fawcett Crest Book.

Harvard

Ringer R. J., . (1974). Winning through intimidation. Connecticut: A Fawcett Crest Book.

MLA

Ringer Robert J, . Winning through intimidation. Connecticut: A Fawcett Crest Book. 1974.

  • Place hold
  • Print
  • Cite
  • Add to your cart (remove)
  • Save record
    BIBTEX Dublin Core MARCXML MARC (non-Unicode/MARC-8) MARC (Unicode/UTF-8) MARC (Unicode/UTF-8, Standard) MODS (XML) RIS
  • More searches
    Search for this title in:
    Other Libraries (WorldCat) Other Databases (Google Scholar) Online Stores (Bookfinder.com) Open Library (openlibrary.org)

Exporting to Dublin Core...

SOUTHVILLE LIBRARY

Southville International School and Colleges Library

1281 Tropical Ave. Cor. Luxembourg St., BF Homes International, Las Pinas City

Tel. No. 8256374 / 252358 Loc. 117/146

Powered by Koha